Básnik v klobúku

Bibliographic Details
Main Author: Hevier, Daniel, 1955- (Author)
Other Authors: Salamon, Zoltán (gup)
Format: Article
Language:Slovak
Subjects:

MARC

LEADER 00000nab a2200000 a 4500
001 vtls000186912
003 SK-MaSNL
005 20260305001851.0
008 240311c1984 xo 0 slo
015 |a SNBRB19rr/mm-uuuuu 
035 |a CL0197025 
040 |a SNKBUCL  |b slo  |c SNKBUCL  |e AACR2 
041 0 |a slo 
044 |a xo  |c SK 
080 |a 885.4-1(087.5)  |2 1981 
100 1 |a Hevier, Daniel,  |d 1955-  |4 aut  |9 103400 
245 1 0 |a Básnik v klobúku  |c Daniel Hevier ; Zoltán Salamon 
650 0 7 |a rečňovanky  |2 snkbucl  |9 278360 
650 0 7 |a literatúra pre deti a mládež  |2 snkbucl  |9 21893 
655 7 |a články z novín a časopisov  |2 snkbucl  |9 267496 
655 7 |a články z odboru literárna veda a krásna literatúra  |2 snkbucl  |9 770045 
700 1 |a Salamon, Zoltán  |4 gup  |9 277415 
773 0 |t Včielka  |g Roč. 26, č. 20 (1984), s. 12 
850 |a Slovenská národná knižnica v Martine  |a MTA001 
852 |a SNK  |b KIS3GCP 
958 |a RK 
958 |a LX 
992 |a RBX 
999 |c 3221920  |d 3223850